Indian constitutional law / (Record no. 153947)

MARC details
000 -LEADER
fixed length control field 00733nam a22002297a 4500
005 - DATE AND TIME OF LATEST TRANSACTION
control field 20180713114017.0
010 ## - LCCN (DPL NO)
LC control number ENG-123461
020 ## - INTERNATIONAL STANDARD BOOK NUMBER
Terms of availability 1595.00
International Standard Book Number 9789386515049
035 ## - SYSTEM CONTROL NUMBER
System control number EN-106993
037 ## - SOURCE OF ACQUISITION
Source of stock number/acquisition DBAD/PUB.
082 ## - DEWEY DECIMAL CLASSIFICATION NUMBER
Classification number 342.54
100 ## - MAIN ENTRY--PERSONAL NAME
Personal name Jain, M.P.
245 ## - TITLE STATEMENT
Title Indian constitutional law /
Statement of responsibility, etc by Jain, M.P.; Jasti Chelameswar [and] Dama Seshadri Naidu
250 ## - EDITION STATEMENT
Edition statement 18th edn.
260 ## - PUBLICATION, DISTRIBUTION, ETC. (IMPRINT)
Place of publication, distribution, etc Gurgaon
Name of publisher, distributor, etc Lexis Nexis
Date of publication, distribution, etc 2018
270 ## - ADDRESS
Address 14th floor, Building No-10, Tower-B, DLF Cyber City, Phase-11
City Gurgaon
Postal code 122002
300 ## - PHYSICAL DESCRIPTION
Extent cclv,2059p.
Dimensions 24cm(pbk)
500 ## - GENERAL NOTE
General note It includes subject index
700 ## - ADDED ENTRY--PERSONAL NAME
Personal name Jasti Chelameswar
700 ## - ADDED ENTRY--PERSONAL NAME
Personal name Naidu, Dama Seshadri
942 ## - ADDED ENTRY ELEMENTS (KOHA)
Source of classification or shelving scheme Dewey Decimal Classification
Item type English Books
Call number suffix JAI
Classification part 342.54
Holdings
Withdrawn status Lost status Not for loan Collection code Home library Current library Date acquired Source of acquisition Cost, normal purchase price Full call number Barcode Copy number Cost, replacement price Koha item type
    Not For Loan Non-fiction D.B.Act.Division Bawana 13/07/2018 DBAD/PUB 1595.00 342.54 JAI EN-106993 1 1595.00 English Books

© Delhi Public Library
Hit Counter
free hit counter